00640nam a2200133Ia 45000010005000000080041000050820025000461000075000712450287001462600024004335900007004579010027004649990015004911379241024s9999 xx 000 0 und d aRD/370.71/R426s/1998 aRepública Dominicana.Secretaría de Estado de Educación y Cultura 0aSistema Nacional de Formación de Personal Docente, Técnico y Administrativo del Sector Educativo titulo a otorgar Profesorado en Educación Inicial". (Aprobado por el Consejo Nacional de Educación, en sus sesión de fecha 18 de diciembre de 1997). mediante la ordenanza 5'97 bSanto Domingoc1998 asi a29/3/2011 3:04:04 p.m. c9197d9197